000 nam a22 a 4500
999 _c436477
_d436477
003 BLK
005 20230406030414.0
008 200311b bul|||||r ||||||| ||bul||
040 _aBLK
041 _aBUL
_cBUL
080 _aБългарска литература
_b821.163.2
_x(075)
_z821.163.2(075)
100 1 _aТодорова, Иванка М.
_eпърви автор
_91299
139 _aТодорова, Иванка М. и др.
245 1 0 _aЛитература
_bЗа II курс на промишлените училища
_cИванка М. Тодорова; съавт. Огнян Бояджиев
257 _aBGR
260 _aСофия
_bНар. просв.
_c1958
_9216179
300 _a96 с.
_bс портр.
_c22 см
380 _a82
653 7 _aбългарска литература
_9182641
700 1 _aБояджиев, Огнян
_eсъавт.
_91445
852 _aЦб 11908
_bО
942 _cKNG
_n0
_s1
944 _aCR
_c2021-11-11
_kМикаела Микова-Илиева
999 _d367390